Statistics for Countries Inside the Shape of the World on a World Map

Click here to take the quiz!

General Stats

  • This quiz has been taken 355 times
  • The average score is 14 of 18

Answers on the Map

Answers color-coded by a green-red scale on the quiz's map according to % correct below.
 

Answer Stats

Country% Correct
Canada
95%
Iceland
93%
United States
93%
Sweden
83%
United Kingdom
83%
Norway
82%
Ireland
78%
Cuba
74%
Morocco
74%
Algeria
73%
Denmark
73%
Spain
73%
Bahamas
71%
Libya
71%
Mauritania
71%
Portugal
71%
Niger
70%
Tunisia
53%

Score Distribution

Percentile by Number Answered

Percent of People with Each Score

Your Score History

You have not taken this quiz